Modelování dividendové politiky

Výklad troch druhov dividendovej politiky: 1. stabilná, 2. pasívna reziduálna, 3. politika udržovania stálej výšky dividendového podielu (Dividend Payout Ratio) - pomeru časti zisku určenej na rozdelenie akcionárom k celkovému disponibilnému zisku spoločnosti. Modely dividendovej politiky podľa druh...

Descrizione completa

Salvato in:
Dettagli Bibliografici
Autore principale: Marek, Petr
Natura: Capitolo di libro
Lingua:ceco
Soggetti:
Tags: Aggiungi Tag
Nessun Tag, puoi essere il primo ad aggiungerne!!

MARC

LEADER 00000naa a2200000 4500
001 r016409
005 20221205085742.4
041 0 |a cze 
044 |a CZ 
245 1 0 |a Modelování dividendové politiky  |c P. Marek 
520 |a Výklad troch druhov dividendovej politiky: 1. stabilná, 2. pasívna reziduálna, 3. politika udržovania stálej výšky dividendového podielu (Dividend Payout Ratio) - pomeru časti zisku určenej na rozdelenie akcionárom k celkovému disponibilnému zisku spoločnosti. Modely dividendovej politiky podľa druhu politiky pre účely finančného plánovania spoločnosti. 
610 2 0 |a spoločnosti akciové 
610 2 0 |a dividendy 
610 2 0 |a rozdeľovanie zisku 
610 2 0 |a plánovanie finančné 
610 2 0 |a plán finančný 
610 2 0 |a modely 
100 1 |a Marek, Petr